000 00831nam a22002297a 4500
005 20100814095637.0
010 _aENG-100436
020 _c150.00
_a9788179662403
035 _aEN-83969
037 _aDBAD/PUB
082 _a650.1
100 _aDouglass, Merrill E.
_913366
245 _aManage your time your work yourself /
_cby Merrill E. Douglass [and] Donna N. Douglass
260 _aChennai
_bEmerald Publishers
_c2009
270 _a15A, First Floor, Clasa Major Road Egmore
_bChennai
_e600008
300 _a225 p.
_c20cm (Pbk)
650 _aSuccess
_913367
650 _aTime management
_913368
700 _912834
_aDouglass, Donna N.
942 _2ddc
_cEN
_h650.1
_mDOU
999 _c41898
_d41898